[Event "Lone Pine op Louis D. Statham Masters"]
[Site "Lone Pine"]
[Date "1979.03.27"]
[Round "3"]
[White "Bisguier, Arthur Bernard"]
[Black "Kortschnoj, Viktor Lvovich"]
[Result "0-1"]
[WhiteElo "2445"]
[BlackElo "2695"]
[PlyCount "96"]
[EventDate "1979.03.25"]
[EventType "swiss"]
[EventRounds "9"]
[EventCountry "USA"]
[SourceTitle "EXT 2018"]
[Source "ChessBase"]
[SourceDate "2017.10.13"]
[SourceVersion "1"]
[SourceVersionDate "2017.10.13"]
[SourceQuality "1"]

1. d4 Nf6 2. c4 g6 3. Nc3 d5 4. Nf3 Bg7 5. Bg5 Ne4 6. cxd5 Nxg5 7. Nxg5 e6 8.
Qd2 exd5 9. Qe3+ Kf8 10. Qf4 Bf6 11. h4 h6 12. Nf3 c6 13. e3 Be6 14. Bd3 Nd7
15. O-O-O Qb8 16. Qxb8+ Rxb8 17. h5 g5 18. Ne2 Bd8 19. Ng3 Bc7 20. Nf5 Nf6 21.
Nd2 b6 22. b3 Re8 23. Rde1 c5 24. Kd1 Bb8 25. Re2 Rc8 26. f3 c4 27. bxc4 dxc4
28. Be4 b5 29. g4 b4 30. Kc2 a5 31. a3 b3+ 32. Kc3 Nd7 33. Nb1 Nb6 34. Kd2 Na4
35. Nc3 Nxc3 36. Kxc3 a4 37. Rc1 Bc7 38. Kb4 Rb8+ 39. Kc5 b2 40. Rb1 c3 41. d5
Bxf5 42. Bxf5 Ke7 43. Kd4 Rb3 44. Rc2 Rhb8 45. Rxc3 Be5+ 46. Kxe5 Rxc3 47. d6+
Kf8 48. d7 Ke7 0-1

[Event "Lone Pine op Louis D. Statham Masters"]
[Site "Lone Pine"]
[Date "1979.04.02"]
[Round "7"]
[White "Grefe, John Alan"]
[Black "Kortschnoj, Viktor Lvovich"]
[Result "0-1"]
[WhiteElo "2400"]
[BlackElo "2695"]
[PlyCount "128"]
[EventDate "1979.03.25"]
[EventType "swiss"]
[EventRounds "9"]
[EventCountry "USA"]
[SourceTitle "EXT 2018"]
[Source "ChessBase"]
[SourceDate "2017.10.13"]
[SourceVersion "1"]
[SourceVersionDate "2017.10.13"]
[SourceQuality "1"]

1. e4 e6 2. d4 d5 3. Nc3 Bb4 4. e5 c5 5. Bd2 cxd4 6. Nb5 Bf8 7. Qg4 h5 8. Qf4
Bd7 9. Nf3 Qb6 10. a4 a6 11. a5 axb5 12. axb6 Rxa1+ 13. Ke2 Ne7 14. Nxd4 Ng6
15. Qe3 Bc5 16. Qc3 Bxb6 17. Nb3 Ra4 18. Be3 Bxe3 19. Kxe3 O-O 20. f3 Rc8 21.
Qd2 Nxe5 22. Kf2 Ra2 23. c3 Nc4 24. Bxc4 bxc4 25. Nc1 Ra6 26. Ne2 f6 27. Nf4
Be8 28. g4 hxg4 29. Rg1 Nd7 30. Rxg4 Ne5 31. Rg3 Rd6 32. h4 Rc7 33. h5 d4 34.
cxd4 Nd3+ 35. Nxd3 cxd3 36. Qxd3 Bxh5 37. Rh3 Rd5 38. Qe4 Re7 39. f4 Kf7 40.
Rg3 Bg4 41. Qh7 f5 42. Rd3 Red7 43. Qh1 b5 44. Qa1 Kf6 45. Ke3 g5 46. Qf1 Kg6
47. Qc1 gxf4+ 48. Kxf4 Rxd4+ 49. Rxd4 Rxd4+ 50. Ke5 Rc4 51. Qh1 Re4+ 52. Kd6
Kg5 53. Ke7 Re2 54. Kf7 f4 55. Kg7 f3 56. Qh6+ Kf5 57. Qf6+ Ke4 58. Qg5 Bf5 59.
Qh4+ Ke3 60. Kf6 f2 61. Qg3+ Kd2 62. Qc3+ Kd1 63. b4 Rd2 64. Qf3+ Kc2 0-1

[Event "Johannesburg"]
[Site "Johannesburg"]
[Date "1979.05.??"]
[Round "?"]
[White "Kortschnoj, Viktor Lvovich"]
[Black "Unzicker, Wolfgang"]
[Result "1-0"]
[WhiteElo "2695"]
[BlackElo "2530"]
[PlyCount "99"]
[EventDate "1979.05.??"]
[EventType "tourn"]
[EventRounds "12"]
[EventCountry "RSA"]
[SourceTitle "EXT 1999"]
[Source "ChessBase"]
[SourceDate "1998.11.16"]
[SourceVersion "1"]
[SourceVersionDate "1998.11.16"]
[SourceQuality "1"]

1. c4 Nf6 2. Nc3 e6 3. e4 d5 4. cxd5 exd5 5. e5 Ne4 6. Nf3 Nc6 7. Bb5 Nxc3 8.
dxc3 Be7 9. Nd4 Bd7 10. Nxc6 bxc6 11. Bd3 O-O 12. Qc2 h6 13. Be3 f5 14. f4 c5
15. c4 d4 16. Bd2 Be6 17. O-O-O Qd7 18. Rdf1 Rf7 19. g4 Raf8 20. gxf5 Bxf5 21.
Rhg1 Bxd3 22. Qxd3 Qf5 23. Kc2 g5 24. h4 Kh7 25. hxg5 hxg5 26. Rg2 Kg6 27. Rh1
Rh7 28. Rxh7 Kxh7 29. fxg5 Kg6 30. Rh2 Qxd3+ 31. Kxd3 Kf5 32. b4 cxb4 33. Rf2+
Ke6 34. Rxf8 Bxf8 35. Kxd4 c5+ 36. Ke4 a5 37. Be3 a4 38. g6 a3 39. g7 Bxg7 40.
Bxc5 Bxe5 41. Bxb4 Bb2 42. Kd3 Ke5 43. Bc5 Bc1 44. Kc3 Ke4 45. Kb4 Kd3 46. Bd6
Kc2 47. c5 Be3 48. c6 Bb6 49. Kb5 Bd8 50. Bxa3 1-0

[Event "Johannesburg"]
[Site "Johannesburg"]
[Date "1979.05.??"]
[Round "?"]
[White "Miles, Anthony John"]
[Black "Kortschnoj, Viktor Lvovich"]
[Result "0-1"]
[WhiteElo "2560"]
[BlackElo "2695"]
[PlyCount "84"]
[EventDate "1979.05.??"]
[EventType "tourn"]
[EventRounds "12"]
[EventCountry "RSA"]
[SourceTitle "EXT 1999"]
[Source "ChessBase"]
[SourceDate "1998.11.16"]
[SourceVersion "1"]
[SourceVersionDate "1998.11.16"]
[SourceQuality "1"]

1. e4 e5 2. Nf3 Nc6 3. Bc4 Bc5 4. c3 Nf6 5. d4 exd4 6. cxd4 Bb4+ 7. Bd2 Bxd2+
8. Nbxd2 d5 9. exd5 Nxd5 10. Qb3 Nce7 11. O-O O-O 12. Ne5 c6 13. Ne4 Qb6 14.
Rad1 Qxb3 15. Bxb3 Rd8 16. Rfe1 Kf8 17. f3 f6 18. Nc4 b6 19. Kf2 Ba6 20. g4 Rd7
21. g5 Bxc4 22. Bxc4 f5 23. Nc3 Nf4 24. Ne2 Nxe2 25. Rxe2 Rad8 26. Ke3 b5 27.
Be6 Rd6 28. Kf4 Rxd4+ 29. Rxd4 Rxd4+ 30. Ke5 c5 31. Bb3 Rd8 32. Be6 Nc6+ 33.
Kf4 Nd4 34. Re5 g6 35. Bd5 a5 36. b3 Rd7 37. a4 c4 38. bxc4 bxa4 39. Re3 Re7
40. Rxe7 Kxe7 41. Ke3 a3 42. c5 Nc2+ 0-1

[Event "Buenos Aires Konex International"]
[Site "Buenos Aires"]
[Date "1979.07.12"]
[Round "1"]
[White "Szmetan, Jorge"]
[Black "Kortschnoj, Viktor Lvovich"]
[Result "0-1"]
[WhiteElo "2400"]
[BlackElo "2695"]
[PlyCount "91"]
[EventDate "1979.07.12"]
[EventType "tourn"]
[EventRounds "13"]
[EventCountry "ARG"]
[EventCategory "10"]
[SourceTitle "MCL"]
[Source "ChessBase"]
[SourceDate "1999.07.01"]
[SourceVersion "1"]
[SourceVersionDate "1999.07.01"]
[SourceQuality "1"]

1. e4 e6 2. d4 d5 3. Nd2 c5 4. exd5 exd5 5. Bb5+ Bd7 6. Bxd7+ Nxd7 7. Ne2 Ngf6
8. Nf3 Be7 9. O-O O-O 10. dxc5 Nxc5 11. Ned4 Re8 12. c3 Bf8 13. Bg5 Nce4 14.
Bh4 Qd7 15. Qb3 Bc5 16. Rad1 h6 17. Bxf6 Nxf6 18. Rfe1 Ne4 19. Re2 Rad8 20.
Rde1 a6 21. a4 Re7 22. Qc2 Rde8 23. b4 Bd6 24. g3 Rc8 25. Qb3 Nxc3 26. Rxe7
Bxe7 27. Rc1 Qc7 28. Kg2 Qc4 29. Qxc4 Rxc4 30. Ne5 Rxd4 31. Rxc3 Rxb4 32. Rc8+
Kh7 33. h4 f6 34. Nd3 Rxa4 35. Nf4 Rc4 36. Re8 Bd6 37. Nxd5 Kg6 38. Rd8 Rc6 39.
g4 Kf7 40. Ne3 b5 41. Nf5 Bf8 42. Rd7+ Ke8 43. Ra7 g6 44. Ra8+ Kd7 45. Nd4 Rd6
46. Nb3 0-1

[Event "Buenos Aires Konex International"]
[Site "Buenos Aires"]
[Date "1979.07.13"]
[Round "2"]
[White "Kortschnoj, Viktor Lvovich"]
[Black "Diez del Corral, Jesus"]
[Result "1-0"]
[WhiteElo "2695"]
[BlackElo "2485"]
[PlyCount "127"]
[EventDate "1979.07.12"]
[EventType "tourn"]
[EventRounds "13"]
[EventCountry "ARG"]
[EventCategory "10"]
[SourceTitle "MCL"]
[Source "ChessBase"]
[SourceDate "1999.07.01"]
[SourceVersion "1"]
[SourceVersionDate "1999.07.01"]
[SourceQuality "1"]

1. d4 Nf6 2. c4 c5 3. d5 b5 4. Nf3 g6 5. cxb5 a6 6. e3 Bg7 7. Nc3 O-O 8. a4 d6
9. Ra3 axb5 10. Bxb5 Na6 11. O-O Nb4 12. Nd2 Bb7 13. e4 e6 14. dxe6 fxe6 15.
Be2 d5 16. exd5 exd5 17. Nb5 Qb6 18. Rg3 Rae8 19. b3 Re7 20. Ba3 Rfe8 21. Bf3
Ba6 22. Bxb4 cxb4 23. Rg5 Bxb5 24. axb5 Bh6 25. Rxd5 Nxd5 26. Bxd5+ Kh8 27. Nc4
Qc5 28. Bf3 Bg7 29. Qd6 Qxd6 30. Nxd6 Rb8 31. b6 Rxb6 32. Nc8 Rbe6 33. Nxe7
Rxe7 34. Rd1 Bc3 35. Kf1 Kg7 36. g3 Kf6 37. h4 h6 38. Be2 Re4 39. Rd6+ Re6 40.
Rd7 Re7 41. Rd8 Re6 42. Bc4 Ke7 43. Rg8 Rd6 44. f4 Bb2 45. Ke2 Bd4 46. Kf3 Bc3
47. g4 Be1 48. g5 hxg5 49. hxg5 Bd2 50. Rg7+ Kf8 51. Rf7+ Ke8 52. Ra7 Kf8 53.
Ke4 Bc3 54. Bd5 Ke8 55. Ra5 Kf8 56. Kd3 Ke8 57. Ra8+ Ke7 58. Ra7+ Kf8 59. Kc4
Bd2 60. Kd4 Be1 61. Ke5 Rb6 62. Be6 Bf2 63. Rf7+ Ke8 64. Rf6 1-0

[Event "Buenos Aires Konex International"]
[Site "Buenos Aires"]
[Date "1979.07.25"]
[Round "10"]
[White "Kortschnoj, Viktor Lvovich"]
[Black "Emma, Jaime"]
[Result "1-0"]
[WhiteElo "2695"]
[BlackElo "2435"]
[PlyCount "81"]
[EventDate "1979.07.12"]
[EventType "tourn"]
[EventRounds "13"]
[EventCountry "ARG"]
[EventCategory "10"]
[SourceTitle "MCL"]
[Source "ChessBase"]
[SourceDate "1999.07.01"]
[SourceVersion "1"]
[SourceVersionDate "1999.07.01"]
[SourceQuality "1"]

1. d4 e6 2. c4 d5 3. Nc3 c5 4. cxd5 exd5 5. Nf3 Nc6 6. Bf4 Nf6 7. e3 cxd4 8.
Nxd4 a6 9. Rc1 Be7 10. Be2 O-O 11. O-O Be6 12. Nxc6 bxc6 13. Na4 Qa5 14. a3
Rfc8 15. b4 Qd8 16. Nc5 Bxc5 17. bxc5 Qa5 18. Qd4 Ne4 19. Rfd1 Re8 20. f3 Nf6
21. Bd3 Nd7 22. Bd6 f6 23. f4 Ra7 24. Rb1 Bf7 25. e4 f5 26. e5 g6 27. g3 Be6
28. Rb4 Qd8 29. Rdb1 Qa5 30. Bc2 Rc8 31. Kf2 h5 32. Bd3 Kf7 33. Be2 h4 34. Kg2
Rh8 35. Ra4 Qd8 36. Rxa6 Rxa6 37. Bxa6 Qa5 38. Bb7 Qxa3 39. Bxc6 hxg3 40. hxg3
g5 41. Bxd5 1-0

[Event "Buenos Aires Konex International"]
[Site "Buenos Aires"]
[Date "1979.07.26"]
[Round "11"]
[White "Miles, Anthony John"]
[Black "Kortschnoj, Viktor Lvovich"]
[Result "0-1"]
[WhiteElo "2560"]
[BlackElo "2695"]
[Annotator "Notkin,M"]
[PlyCount "106"]
[EventDate "1979.07.12"]
[EventType "tourn"]
[EventRounds "13"]
[EventCountry "ARG"]
[EventCategory "10"]
[SourceTitle "MCL"]
[Source "ChessBase"]
[SourceDate "1999.07.01"]
[SourceVersion "1"]
[SourceVersionDate "1999.07.01"]
[SourceQuality "1"]

1. e4 e6 2. d4 d5 3. Nc3 Bb4 4. exd5 exd5 5. Bd3 Nc6 6. a3 Bxc3+ 7. bxc3 Nge7
8. Qh5 Be6 9. Ne2 Qd7 (9... Qd6 10. Nf4 O-O-O 11. Nxe6 Qxe6+ 12. Be3 f5 13. O-O
g6 14. Qf3 Qf6 $13 {Ziatdinov,R-Apicella,M/Biel/1992/1:0/40/}) 10. O-O (10. Nf4
) 10... h6 $1 11. Re1 (11. Nf4 Bg4 12. Qh4 g5 $19) 11... Bg4 12. Qh4 O-O-O 13.
h3 Bf5 14. Ng3 Bxd3 15. cxd3 Nf5 16. Nxf5 Qxf5 17. Qg3 h5 $2 (17... g5 $13) 18.
Bf4 Rde8 (18... h4 19. Qg4 $14) 19. h4 $1 (19. Bxc7 h4 20. Qf4 Qxd3 21. Bd6 Qg6
$13) 19... Reg8 20. Re3 $1 Qd7 21. Rae1 b6 22. c4 (22. Qg5 f6 23. Qg6 Qg4)
22... Kb7 (22... Rd8 23. Qxg7 dxc4 24. dxc4 Qxd4 25. Qxf7 $16) 23. Qg5 Rd8 (
23... dxc4 24. d5 $18) 24. Re7 $1 Rhe8 $8 25. Rxe8 (25. Rxd7 Rxe1+ 26. Kh2 Rxd7
27. cxd5 Nxd4 28. Qxg7 Rxd5 29. Qxf7 Ne6 30. Be3 $16) 25... Rxe8 26. Rxe8 Qxe8
27. Qxd5 Qe1+ 28. Kh2 Qxf2 29. Bg3 Qxd4 30. Qxf7 Ne5 $1 31. Qxh5 (31. Qxg7 Ng4+
$19) (31. Bxe5 Qxh4+ 32. Kg1 Qe1+ $17) 31... Nxd3 32. Qf3+ (32. Qd5+ Qxd5 33.
cxd5 b5 34. d6 $10) (32. Qf7 $5 Ne5 33. Qe7 Nxc4 34. Qxc7+ Ka6 35. a4 $13)
32... c6 33. Qf7+ Ka6 34. Qc7 (34. Bb8 Qxh4+ 35. Kg1 Qd4+ {/\b5/}) 34... c5 35.
h5 $2 (35. Qc8+ Ka5 36. Qb7 a6 37. Kh3 g6 $13) 35... Qg4 36. Qf7 Nb2 $1 37. Bd6
(37. Be5 Qh4+ 38. Kg1 Qe1+ $19) (37. Bb8 Nxc4 38. Qxa7+ Kb5 $17) 37... Nxc4 38.
Bf8 Ne5 39. Qxg7 Qh4+ $5 (39... Qxh5+ $17) 40. Kg1 Ng4 41. Qf7 $8 Qh2+ 42. Kf1
Qh1+ 43. Ke2 Qxg2+ 44. Kd1 $2 (44. Ke1 Qe4+ 45. Kf1 $17) 44... Ne3+ 45. Ke1
Nc2+ 46. Kd1 Nd4 47. Qe8 (47. Qc4+ b5 48. Qd3 Qg1+ 49. Kd2 Qf2+ $19) 47... Qf1+
48. Kd2 Nf3+ 49. Kc2 Qc4+ 50. Kb2 Qd4+ 51. Kc2 Qd2+ 52. Kb1 Qd1+ 53. Kb2 Nd4
0-1

[Event "Biel-12 GM"]
[Site "Biel"]
[Date "1979.08.01"]
[Round "1"]
[White "Sahovic, Dragutin"]
[Black "Kortschnoj, Viktor Lvovich"]
[Result "0-1"]
[WhiteElo "2520"]
[BlackElo "2695"]
[PlyCount "92"]
[EventDate "1979.07.27"]
[EventType "tourn"]
[EventRounds "13"]
[EventCountry "SUI"]
[EventCategory "8"]
[SourceTitle "EXT 2002"]
[Source "ChessBase"]
[SourceDate "2001.11.25"]
[SourceVersion "1"]
[SourceVersionDate "2001.11.25"]
[SourceQuality "1"]

1. e4 {The game was posponed.} e6 2. d4 d5 3. Nd2 c5 4. exd5 exd5 5. Bb5+ Bd7
6. Qe2+ Be7 7. dxc5 Nf6 8. Nb3 O-O 9. Be3 Re8 10. Nf3 a6 11. Bd3 Ba4 12. Nfd4
Nbd7 13. O-O Bxb3 14. Nxb3 Nxc5 15. Rad1 Nxb3 16. axb3 Bc5 17. Qf3 Bxe3 18.
fxe3 Qb6 19. Rde1 Re5 20. Re2 Rae8 21. Rfe1 Qe6 22. h3 h6 23. b4 Ne4 24. c3 Rf5
25. Bxe4 dxe4 26. Qg3 Rd8 27. Rf2 Qe5 28. Qxe5 Rxe5 29. g4 Rd3 30. Ree2 f6 31.
Rf1 Kf7 32. Kf2 Ke6 33. Rc1 f5 34. Kg3 g5 35. gxf5+ Rxf5 36. Kg4 Rf3 37. Rce1
Kf6 38. h4 Rd5 39. c4 h5+ 40. Kxh5 Rd8 41. hxg5+ Kf5 42. Kh6 Rh3+ 43. Kg7 Rd7+
44. Kg8 Kg6 45. Rf2 Rg7+ 46. Kf8 Rh8# 0-1

[Event "Biel-12 GM"]
[Site "Biel"]
[Date "1979.07.29"]
[Round "3"]
[White "Wirthensohn, Heinz"]
[Black "Kortschnoj, Viktor Lvovich"]
[Result "0-1"]
[WhiteElo "2410"]
[BlackElo "2695"]
[PlyCount "136"]
[EventDate "1979.07.27"]
[EventType "tourn"]
[EventRounds "13"]
[EventCountry "SUI"]
[EventCategory "8"]
[SourceTitle "EXT 2002"]
[Source "ChessBase"]
[SourceDate "2001.11.25"]
[SourceVersion "1"]
[SourceVersionDate "2001.11.25"]
[SourceQuality "1"]

1. Nf3 Nf6 2. c4 b6 3. Nc3 Bb7 4. d4 e6 5. a3 d5 6. Bg5 Be7 7. cxd5 exd5 8. e3
Nbd7 9. Bb5 c6 10. Ba4 O-O 11. O-O Re8 12. Rc1 Rc8 13. Bc2 c5 14. Bf5 Ra8 15.
Qc2 g6 16. Bh3 Ne4 17. Bxe7 Qxe7 18. Bxd7 Qxd7 19. dxc5 Nxc5 20. b4 Ne6 21.
Rfd1 Rac8 22. Qa4 Qxa4 23. Nxa4 d4 24. Nxd4 Nxd4 25. exd4 Bd5 26. Nc3 Bb3 27.
Rf1 Red8 28. d5 Kg7 29. g3 Rd7 30. Nb5 Rxc1 31. Rxc1 Bxd5 32. Rd1 Bc6 33. Rxd7
Bxd7 34. Nc3 Kf6 35. f4 Kf5 36. Kf2 Bc6 37. h4 f6 38. Ke3 g5 39. hxg5 fxg5 40.
fxg5 Kxg5 41. Nd1 Kg4 42. Kf2 Kf5 43. Ke3 Ke5 44. Nf2 Bd7 45. Ne4 Bh3 46. Nc3
Bf1 47. Ne4 Bg2 48. Nc3 Bc6 49. Kd3 b5 50. Ke3 a6 51. Kd3 Be8 52. Ke3 Bg6 53.
a4 bxa4 54. Nxa4 Kd5 55. Nb2 Bf5 56. Kf4 Bc2 57. Ke3 Bg6 58. Kd2 Kd4 59. Nd1
Kc4 60. Kc1 Kxb4 61. Kb2 Bf5 62. Ne3 Be6 63. Ng2 Kc4 64. Nf4 Bg4 65. Ka3 Kd4
66. Kb4 Ke4 67. Ka5 Kf3 68. Kxa6 Kxg3 0-1

[Event "Biel-12 GM"]
[Site "Biel"]
[Date "1979.07.31"]
[Round "5"]
[White "Hartoch, Robert G"]
[Black "Kortschnoj, Viktor Lvovich"]
[Result "0-1"]
[WhiteElo "2395"]
[BlackElo "2695"]
[PlyCount "76"]
[EventDate "1979.07.27"]
[EventType "tourn"]
[EventRounds "13"]
[EventCountry "SUI"]
[EventCategory "8"]
[SourceTitle "EXT 2002"]
[Source "ChessBase"]
[SourceDate "2001.11.25"]
[SourceVersion "1"]
[SourceVersionDate "2001.11.25"]
[SourceQuality "1"]

1. Nf3 d5 2. g3 c5 3. Bg2 Nc6 4. d4 e6 5. O-O cxd4 6. Nxd4 Bc5 7. Nb3 Bb6 8. c4
Nge7 9. cxd5 Nxd5 10. Na3 O-O 11. Nc4 Bc7 12. a3 Qe7 13. Bd2 Rd8 14. Qc2 e5 15.
Rfd1 Be6 16. Ne3 Bb6 17. Nxd5 Bxd5 18. Bxd5 Rxd5 19. Bc3 Rxd1+ 20. Rxd1 Qe6 21.
Nd2 Rc8 22. e3 h6 23. Qa4 Rd8 24. Ne4 Nd4 25. exd4 exd4 26. Qc2 f5 27. Bxd4
Qxe4 28. Qb3+ Qd5 29. Bxb6 Qxb3 30. Rxd8+ Kf7 31. Bxa7 Qxb2 32. h4 f4 33. gxf4
Qc1+ 34. Kg2 Qc7 35. Rd3 b6 36. Bxb6 Qxb6 37. Re3 Qg6+ 38. Kh3 Qg1 0-1

[Event "Biel-12 GM"]
[Site "Biel"]
[Date "1979.08.02"]
[Round "6"]
[White "Schauwecker, Meinrad"]
[Black "Kortschnoj, Viktor Lvovich"]
[Result "0-1"]
[WhiteElo "2365"]
[BlackElo "2695"]
[PlyCount "64"]
[EventDate "1979.07.27"]
[EventType "tourn"]
[EventRounds "13"]
[EventCountry "SUI"]
[EventCategory "8"]
[SourceTitle "EXT 2002"]
[Source "ChessBase"]
[SourceDate "2001.11.25"]
[SourceVersion "1"]
[SourceVersionDate "2001.11.25"]
[SourceQuality "1"]

1. d4 Nf6 2. c4 e6 3. Nf3 b6 4. e3 Bb7 5. Bd3 Bb4+ 6. Nbd2 c5 7. O-O cxd4 8.
exd4 O-O 9. Qe2 d5 10. Rd1 Re8 11. Nf1 Nc6 12. Bg5 Be7 13. Ne3 Nb4 14. Bb1 dxc4
15. Ne5 h6 16. h4 Nc6 17. Bxh6 gxh6 18. N3g4 Bf8 19. Qc2 Kg7 20. Nxf7 Kxf7 21.
Qg6+ Ke7 22. Nxf6 Nb4 23. d5 Nxd5 24. Be4 Nxf6 25. Bxb7 Qc7 26. Bxa8 Rxa8 27.
Rd4 Rd8 28. Rad1 Rxd4 29. Rxd4 Qe5 30. Rxc4 Qe1+ 31. Kh2 Qxf2 32. Rc7+ Kd8 0-1

[Event "Biel-12 GM"]
[Site "Biel"]
[Date "1979.08.03"]
[Round "7"]
[White "Kortschnoj, Viktor Lvovich"]
[Black "Cuartas, Carlos Enrique"]
[Result "1-0"]
[WhiteElo "2695"]
[BlackElo "2425"]
[PlyCount "73"]
[EventDate "1979.07.27"]
[EventType "tourn"]
[EventRounds "13"]
[EventCountry "SUI"]
[EventCategory "8"]
[SourceTitle "EXT 2002"]
[Source "ChessBase"]
[SourceDate "2001.11.25"]
[SourceVersion "1"]
[SourceVersionDate "2001.11.25"]
[SourceQuality "1"]

1. d4 Nf6 2. c4 e6 3. Nc3 Bb4 4. Qc2 Nc6 5. e3 e5 6. d5 Ne7 7. Bd2 O-O 8. a3
Bxc3 9. Bxc3 d6 10. Bd3 c5 11. dxc6 Nxc6 12. Ne2 Be6 13. O-O Rc8 14. b3 d5 15.
cxd5 Qxd5 16. Rab1 Qd6 17. b4 a6 18. Rfd1 Qe7 19. Qb2 Nd7 20. Qa1 f6 21. a4 Qf7
22. Rb2 Nb6 23. b5 axb5 24. Rxb5 Nc4 25. Ng3 Rfd8 26. Ne4 Rc7 27. Nc5 Bg4 28.
Rc1 Nd6 29. Rb3 Qd5 30. Be1 Kh8 31. Qb1 Qf7 32. a5 Bc8 33. Rbc3 Re7 34. Qb6 Qe8
35. Ne4 Nxe4 36. Bxe4 Nb8 $2 37. Qxd8 1-0

[Event "Biel-12 GM"]
[Site "Biel"]
[Date "1979.08.04"]
[Round "8"]
[White "Partos, Charles"]
[Black "Kortschnoj, Viktor Lvovich"]
[Result "0-1"]
[WhiteElo "2420"]
[BlackElo "2695"]
[PlyCount "66"]
[EventDate "1979.07.27"]
[EventType "tourn"]
[EventRounds "13"]
[EventCountry "SUI"]
[EventCategory "8"]
[SourceTitle "EXT 2002"]
[Source "ChessBase"]
[SourceDate "2001.11.25"]
[SourceVersion "1"]
[SourceVersionDate "2001.11.25"]
[SourceQuality "1"]

1. d4 Nf6 2. c4 c5 3. d5 e5 4. Nc3 d6 5. e4 g6 6. h3 Nh5 7. Be3 Bg7 8. Be2 Qb6
9. a3 Nf4 10. Bf3 Bd7 11. Rb1 Qa6 12. g3 Nh5 13. Be2 O-O 14. Nb5 f5 15. exf5
Bxf5 16. Rc1 Nd7 17. g4 Be4 18. Rh2 Nf4 19. f3 Bxf3 20. Nxf3 e4 21. Ng5 Bxb2
22. Ne6 Nxe2 23. Kxe2 Bxc1 24. Qxc1 Ne5 25. Qc3 Rf3 26. Rf2 Rxh3 27. Rf4 Qa4
28. Rxe4 $4 Rh1 29. Qd2 Qb3 30. Nc3 Nxc4 31. Qa2 Qxc3 32. Qxc4 Qb2+ 33. Kf3
Rh3+ 0-1

[Event "Biel-12 GM"]
[Site "Biel"]
[Date "1979.08.08"]
[Round "11"]
[White "Kortschnoj, Viktor Lvovich"]
[Black "Hug, Werner"]
[Result "1-0"]
[WhiteElo "2695"]
[BlackElo "2460"]
[PlyCount "67"]
[EventDate "1979.07.27"]
[EventType "tourn"]
[EventRounds "13"]
[EventCountry "SUI"]
[EventCategory "8"]
[SourceTitle "EXT 2002"]
[Source "ChessBase"]
[SourceDate "2001.11.25"]
[SourceVersion "1"]
[SourceVersionDate "2001.11.25"]
[SourceQuality "1"]

1. d4 g6 2. c4 Bg7 3. Nc3 d6 4. Bg5 f6 5. Bh4 Nh6 6. e4 e5 7. dxe5 dxe5 8.
Qxd8+ Kxd8 9. O-O-O+ Nd7 10. f4 Nf7 11. fxe5 Nfxe5 12. Nf3 Nxf3 13. gxf3 c6 14.
Bg3 Ke8 15. Be2 Ne5 16. f4 Nf7 17. Rhe1 h5 18. Kc2 Kf8 19. c5 Be6 20. Bd3 Bg4
21. Rd2 Bh6 22. Rf2 Kg7 23. e5 Rhe8 24. Ne4 fxe5 25. fxe5 Re7 26. Nd6 Nh8 27.
h4 g5 28. Nf5+ Bxf5 29. Rxf5 Nf7 30. Bf2 Rd8 31. e6 Nh8 32. Bg3 Ng6 33. Bd6
Ree8 34. Bc4 1-0

[Event "Biel-12 GM"]
[Site "Biel"]
[Date "1979.08.09"]
[Round "12"]
[White "Janosevic, Dragoljub"]
[Black "Kortschnoj, Viktor Lvovich"]
[Result "0-1"]
[WhiteElo "2400"]
[BlackElo "2695"]
[PlyCount "48"]
[EventDate "1979.07.27"]
[EventType "tourn"]
[EventRounds "13"]
[EventCountry "SUI"]
[EventCategory "8"]
[SourceTitle "EXT 2002"]
[Source "ChessBase"]
[SourceDate "2001.11.25"]
[SourceVersion "1"]
[SourceVersionDate "2001.11.25"]
[SourceQuality "1"]

1. e4 e6 2. d4 d5 3. Nd2 Be7 4. Ngf3 Nf6 5. Bd3 c5 6. e5 Nfd7 7. c3 Nc6 8. O-O
Qb6 9. dxc5 Qc7 10. Nb3 Ndxe5 11. Nxe5 Qxe5 12. Re1 Qf6 13. c4 dxc4 14. Bxc4
O-O 15. Qe2 a5 16. a4 Rd8 17. Be3 Bd7 18. Rac1 Nb4 19. Bd4 Qg6 20. Rc3 Bh4 21.
Bb5 $2 Bxb5 22. axb5 a4 23. Rc4 Nd3 24. Nd2 Rxd4 0-1

[Event "Linares-02"]
[Site "Linares"]
[Date "1979.11.??"]
[Round "?"]
[White "Castro Rojas, Oscar Humberto"]
[Black "Kortschnoj, Viktor Lvovich"]
[Result "0-1"]
[WhiteElo "2430"]
[BlackElo "2695"]
[PlyCount "88"]
[EventDate "1979.11.??"]
[EventType "tourn"]
[EventRounds "11"]
[EventCountry "ESP"]
[SourceTitle "EXT 2002"]
[Source "ChessBase"]
[SourceDate "2001.11.25"]
[SourceVersion "1"]
[SourceVersionDate "2001.11.25"]
[SourceQuality "1"]

1. e4 e6 2. d4 d5 3. e5 c5 4. c3 Nc6 5. Nf3 Qb6 6. Be2 Bd7 7. O-O Rc8 8. dxc5
Bxc5 9. b4 Bf8 10. Bd3 Nge7 11. Bf4 Ng6 12. Bg3 Be7 13. h4 f6 14. exf6 Bxf6 15.
b5 Na5 16. h5 Ne7 17. a4 O-O 18. Ra2 Be8 19. Ne5 a6 20. Qg4 axb5 21. axb5 Nf5
22. Bxf5 exf5 23. Qxf5 Bxe5 24. Qxe5 Nc4 25. Qxd5+ Bf7 26. Qd4 Qxd4 27. cxd4
Ne3 28. fxe3 Bxa2 29. Rxf8+ Kxf8 30. Nd2 Rc2 31. Be1 Rb2 32. e4 Rxb5 33. h6
gxh6 34. Kf2 Rb2 35. Ke3 Rc2 36. Kd3 Rc1 37. Nf3 b5 38. d5 Bc4+ 39. Kd4 Bf1 40.
Bb4+ Ke8 41. Nd2 Bxg2 42. e5 h5 43. e6 Re1 44. Nf3 Rb1 0-1

[Event "Linares-02"]
[Site "Linares"]
[Date "1979.11.??"]
[Round "?"]
[White "Christiansen, Larry Mark"]
[Black "Kortschnoj, Viktor Lvovich"]
[Result "0-1"]
[WhiteElo "2475"]
[BlackElo "2695"]
[PlyCount "134"]
[EventDate "1979.11.??"]
[EventType "tourn"]
[EventRounds "11"]
[EventCountry "ESP"]
[SourceTitle "EXT 2002"]
[Source "ChessBase"]
[SourceDate "2001.11.25"]
[SourceVersion "1"]
[SourceVersionDate "2001.11.25"]
[SourceQuality "1"]

1. Nf3 Nf6 2. g3 d5 3. Bg2 c5 4. O-O Nc6 5. d4 cxd4 6. Nxd4 e6 7. c4 Bc5 8. Nb3
Bb6 9. cxd5 Nxd5 10. Nc3 Nxc3 11. bxc3 Qxd1 12. Rxd1 Bd7 13. Ba3 O-O-O 14. c4
Bc7 15. Rab1 Be8 16. Rxd8+ Nxd8 17. Nd4 Bc6 18. Bxc6 Nxc6 19. Nxc6 bxc6 20. Rd1
h5 21. h3 f5 22. Be7 Re8 23. Bg5 Bb6 24. Kg2 Kc7 25. Bd2 Bc5 26. Bc3 e5 27. h4
g6 28. e3 Kb6 29. Rb1+ Ka6 30. Kf3 Bd6 31. Ke2 e4 32. Rd1 Be5 33. Bd4 Bc7 34.
Kd2 Rd8 35. Kc2 Bb6 36. Rd2 Ba5 37. Rd1 Rd7 38. Rf1 c5 39. Bc3 Bb4 40. Rb1 Ka5
41. a3 Bxc3 42. Rb5+ Ka4 43. Kxc3 Rd3+ 44. Kb2 Rd2+ 45. Kc3 Rxf2 46. Rxc5 Ra2
47. Rc6 Rxa3+ 48. Kd4 Rd3+ 49. Ke5 Rxe3 50. Rxg6 Rf3 51. c5 Kb5 52. c6 Kb6 53.
Kd6 Rd3+ 54. Ke5 e3 55. Kxf5 Rd5+ 56. Kf4 Re5 57. Kxe5 e2 58. Kd6 e1=Q 59. Kd7
Qd1+ 60. Kc8 Qc2 61. Rf6 Qxc6+ 62. Rxc6+ Kxc6 63. g4 hxg4 64. h5 g3 65. h6 g2
66. h7 g1=Q 67. h8=Q Qg4+ 0-1